[Event "EU-chT (Women) 24th"]
[Site "Budva"]
[Date "2023.11.19"]
[Round "8.13"]
[White "Hagarova, Zuzana"]
[Black "Goossens, Hanne"]
[Result "1-0"]
[WhiteElo "2292"]
[BlackElo "2172"]
[PlyCount "71"]
[EventDate "2023.11.11"]
[EventType "team-swiss"]
[EventRounds "9"]
[EventCountry "MNE"]
[SourceTitle "CB47_2023"]
[SourceDate "2023.11.22"]
[SourceVersion "1"]
[SourceVersionDate "2023.11.22"]
[SourceQuality "1"]
[WhiteTeam "Slovakia (W)"]
[BlackTeam "Belgium (W)"]
[WhiteTeamCountry "SVK"]
[BlackTeamCountry "BEL"]

1. e4 e5 2. Nc3 Nf6 3. f4 d5 4. fxe5 Nxe4 5. Qf3 f5 6. d3 Nxc3 7. bxc3 d4 8. Be2 Bc5 9. Qg3 0-0 10. Bh6 Qe7 11. Nf3 Nc6 12. Bg5 Qf7 13. 0-0 dxc3+ 14. Kh1 Nd4 15. Qe1 Bb6 16. Bd1 Nxf3 17. Bxf3 Bd4 18. a4 a5 19. Rb1 c6 20. e6 Qg6 21. e7 Re8 22. Qh4 Qd6 23. Rbe1 Bd7 24. Re2 Rac8 25. Rfe1 b5 26. Bh5 g6 27. Bf4 Qd5 28. Bf3 Qf7 29. Bg5 Bg7 30. Qf4 Bf6 31. h4 Bxg5 32. hxg5 h6 33. Qd6 hxg5 34. Qxd7 g4 35. Bxc6 Qf6 36. Qe6+ 1-0

[Event "Benidorm op-A"]
[Site "Benidorm"]
[Date "2022.12.11"]
[Round "9"]
[White "Clemente Llamero, Roberto"]
[Black "Goossens, Hanne"]
[Result "1/2-1/2"]
[WhiteElo "1953"]
[BlackElo "2204"]
[PlyCount "74"]
[EventDate "2022.12.03"]
[EventType "swiss"]
[EventRounds "9"]
[EventCountry "ESP"]
[SourceTitle "CBM 211 Extra"]
[Source "ChessBase"]
[SourceDate "2023.01.31"]
[SourceVersion "1"]
[SourceVersionDate "2023.01.31"]
[SourceQuality "1"]

1. e4 c5 2. Nf3 d6 3. d4 cxd4 4. Nxd4 Nf6 5. Nc3 Nc6 6. Bc4 Qb6 7. Nxc6 bxc6 8. 0-0 g6 9. Qe1 Bg7 10. e5 dxe5 11. Qxe5 Qb8 12. Qxb8 Rxb8 13. Re1 e6 14. Bb3 0-0 15. Na4 Nd5 16. Bd2 Nb6 17. Bc3 Nxa4 18. Bxa4 Bxc3 19. bxc3 Ba6 20. Bxc6 Rfc8 21. Ba4 Rxc3 22. Rab1 Rd8 23. Red1 Rcc8 24. h3 Kg7 25. Rxd8 Rxd8 26. Rb4 h5 27. Bb3 Kf6 28. Ra4 Rd6 29. Ra5 Rc6 30. h4 Ke7 31. Kh2 Kd6 32. Ba4 Rb6 33. a3 Ke7 34. Kg3 Kf6 35. Kf4 Rd6 36. Ke3 Ke7 37. g3 Kf6 1/2-1/2

[Event "Benidorm op-A"]
[Site "Benidorm"]
[Date "2022.12.08"]
[Round "6"]
[White "Goossens, Hanne"]
[Black "Panjer, Sidney"]
[Result "0-1"]
[WhiteElo "2204"]
[BlackElo "2100"]
[PlyCount "72"]
[EventDate "2022.12.03"]
[EventType "swiss"]
[EventRounds "9"]
[EventCountry "ESP"]
[SourceTitle "CBM 211 Extra"]
[Source "ChessBase"]
[SourceDate "2023.01.31"]
[SourceVersion "1"]
[SourceVersionDate "2023.01.31"]
[SourceQuality "1"]

1. e4 e5 2. Nf3 Nc6 3. Bc4 Bc5 4. c3 Nf6 5. d3 d6 6. 0-0 a6 7. a4 Ba7 8. Re1 0-0 9. h3 h6 10. Nbd2 Re8 11. Nf1 Be6 12. Bxe6 Rxe6 13. b4 Ne7 14. c4 Nc6 15. Bd2 Nd4 16. Ng3 Nxf3+ 17. Qxf3 Bd4 18. Rab1 Kh7 19. Nf5 Ba7 20. Kh2 Ng8 21. g4 g6 22. Rg1 Re8 23. Rg2 Qd7 24. Rbg1 Rf8 25. Qg3 Qd8 26. Bxh6 Nxh6 27. g5 Nxf5 28. exf5 Rh8 29. Re1 Kg8 30. f6 a5 31. b5 Bc5 32. Re4 d5 33. cxd5 Qxd5 34. Re1 Rd8 35. Rd1 Qa2 36. Kg1 Rh5 0-1

[Event "Benidorm op-A"]
[Site "Benidorm"]
[Date "2022.12.05"]
[Round "3"]
[White "Ilamparthi, AR."]
[Black "Goossens, Hanne"]
[Result "1-0"]
[WhiteElo "2336"]
[BlackElo "2204"]
[PlyCount "71"]
[EventDate "2022.12.03"]
[EventType "swiss"]
[EventRounds "9"]
[EventCountry "ESP"]
[SourceTitle "CBM 211 Extra"]
[Source "ChessBase"]
[SourceDate "2023.01.31"]
[SourceVersion "1"]
[SourceVersionDate "2023.01.31"]
[SourceQuality "1"]

1. e4 c5 2. Nf3 d6 3. d4 cxd4 4. Nxd4 Nf6 5. Nc3 g6 6. Be3 Bg7 7. f3 0-0 8. Qd2 Nc6 9. 0-0-0 d5 10. exd5 Nxd5 11. Nxc6 bxc6 12. Bd4 e5 13. Bc5 Re8 14. Bc4 Be6 15. Ne4 Qc7 16. h4 h6 17. g4 f5 18. gxf5 gxf5 19. Nd6 Red8 20. Rhg1 Kh7 21. Bxd5 cxd5 22. Qg2 Qd7 23. Qg6+ Kh8 24. f4 Rab8 25. fxe5 Rg8 26. Qh5 Bxe5 27. Qxh6+ Qh7 28. Qxe6 Bxb2+ 29. Kd2 Rgf8 30. Rg6 Bg7 31. Rdg1 Qxh4 32. Rxg7 Qf4+ 33. Be3 Qb4+ 34. Ke2 Qh4 35. Qg8+ Rxg8 36. Nf7# 1-0

[Event "Benidorm op-A"]
[Site "Benidorm"]
[Date "2022.12.04"]
[Round "2"]
[White "Goossens, Hanne"]
[Black "Sattarov, Bobir"]
[Result "1-0"]
[WhiteElo "2204"]
[BlackElo "2389"]
[PlyCount "58"]
[EventDate "2022.12.03"]
[EventType "swiss"]
[EventRounds "9"]
[EventCountry "ESP"]
[SourceTitle "CBM 211 Extra"]
[Source "ChessBase"]
[SourceDate "2023.01.31"]
[SourceVersion "1"]
[SourceVersionDate "2023.01.31"]
[SourceQuality "1"]

1. e4 d6 2. d4 Nf6 3. Nc3 Nbd7 4. f4 e5 5. Nf3 exd4 6. Qxd4 c6 7. Bd2 d5 8. 0-0-0 Bc5 9. Qd3 0-0 10. exd5 Qc7 11. Ng5 Bd6 12. dxc6 Nc5 13. Qd4 Bf5 14. cxb7 Rab8 15. Bc4 Qxb7 16. Nb5 Be7 17. Qe5 Bg6 18. Rde1 a6 19. Qxe7 axb5 20. Qxb7 Rxb7 21. Bb4 bxc4 22. Bxc5 Ra8 23. a3 c3 24. bxc3 Rc7 25. Bb4 Nd5 26. Rhf1 Bf5 27. Ne4 h5 28. Bd6 Rd7 29. c4 Nb6 1-0

[Event "Olympiad Women-44"]
[Site "Chennai"]
[Date "2022.08.02"]
[Round "5.1"]
[White "Goossens, Hanne"]
[Black "Georgescu, Lena"]
[Result "1/2-1/2"]
[WhiteElo "2159"]
[BlackElo "2279"]
[PlyCount "71"]
[EventDate "2022.07.29"]
[EventType "team-swiss"]
[EventRounds "11"]
[EventCountry "IND"]
[SourceTitle "CBM 210"]
[Source "ChessBase"]
[SourceDate "2022.10.31"]
[SourceVersion "1"]
[SourceVersionDate "2022.10.31"]
[SourceQuality "1"]
[WhiteTeam "Belgium (W)"]
[BlackTeam "Switzerland (W)"]
[WhiteTeamCountry "BEL"]
[BlackTeamCountry "SUI"]

1. d4 Nf6 2. Nc3 d5 3. Bf4 c5 4. e3 cxd4 5. exd4 a6 6. Nf3 Nc6 7. Ne5 Bd7 8. Be2 e6 9. 0-0 Qb6 10. Nxc6 Bxc6 11. Rb1 Be7 12. Be5 Qa5 13. a3 b5 14. Qd3 b4 15. axb4 Qxb4 16. Qg3 0-0 17. Rfe1 g6 18. Bd3 Nd7 19. Ne2 Nxe5 20. dxe5 Qh4 21. Qe3 Rfb8 22. b3 a5 23. c3 Bd8 24. Nd4 Bb6 25. g3 Bxd4 26. cxd4 Qd8 27. Rec1 Bb5 28. Rc5 Bxd3 29. Qxd3 Rb4 30. Rbc1 Rab8 31. R1c3 a4 32. bxa4 Rxa4 33. Rc7 Ra3 34. Qc2 Rxc3 35. Qxc3 Qg5 36. Rc8+ 1/2-1/2

[Event "Dortmund NRW Cup (Women) 49th"]
[Site "Dortmund"]
[Date "2022.07.24"]
[Round "9"]
[White "Goossens, Hanne"]
[Black "Kucharska, Honorata"]
[Result "1/2-1/2"]
[WhiteElo "2159"]
[BlackElo "2191"]
[PlyCount "31"]
[EventDate "2022.07.16"]
[EventType "tourn"]
[EventRounds "9"]
[EventCountry "GER"]
[SourceTitle "CBM 209 Extra"]
[Source "ChessBase"]
[SourceDate "2022.09.30"]
[SourceVersion "1"]
[SourceVersionDate "2022.09.30"]
[SourceQuality "1"]

1. d4 d5 2. Nc3 Nf6 3. Bf4 e6 4. Nb5 Na6 5. e3 Be7 6. Nf3 0-0 7. Be2 Nh5 8. Be5 c6 9. Nc3 f6 10. Bg3 g6 11. a3 Nc7 12. Qd2 Ne8 13. Bf4 Nxf4 14. exf4 Bd6 15. g3 Ng7 16. 0-0 1/2-1/2

[Event "Dortmund NRW Cup (Women) 49th"]
[Site "Dortmund"]
[Date "2022.07.22"]
[Round "7"]
[White "Goossens, Hanne"]
[Black "Ricken, Katharina"]
[Result "1/2-1/2"]
[WhiteElo "2159"]
[BlackElo "2282"]
[PlyCount "70"]
[EventDate "2022.07.16"]
[EventType "tourn"]
[EventRounds "9"]
[EventCountry "GER"]
[SourceTitle "CBM 209 Extra"]
[Source "ChessBase"]
[SourceDate "2022.09.30"]
[SourceVersion "1"]
[SourceVersionDate "2022.09.30"]
[SourceQuality "1"]

1. d4 e6 2. c4 Bb4+ 3. Bd2 Qe7 4. e4 Nc6 5. Nf3 Nf6 6. e5 Ne4 7. a3 Bxd2+ 8. Nbxd2 Nxd2 9. Qxd2 d6 10. Rc1 dxe5 11. dxe5 Bd7 12. Bd3 Rd8 13. 0-0 Bc8 14. Qe3 a5 15. Rfd1 0-0 16. c5 Rd5 17. Re1 Rdd8 18. Rc4 f5 19. exf6 Qxf6 20. Rh4 h6 21. Bb1 e5 22. Ba2+ Be6 23. Bxe6+ Qxe6 24. Re4 Rfe8 25. h3 Qd5 26. Qc3 Qd3 27. Qc1 Rd5 28. b4 axb4 29. axb4 Qb3 30. Nd2 Qd3 31. Nc4 Rd4 32. Nxe5 Qxe4 33. Rxe4 Rxe4 34. f4 Nxe5 35. fxe5 R8xe5 1/2-1/2

[Event "Dortmund NRW Cup (Women) 49th"]
[Site "Dortmund"]
[Date "2022.07.19"]
[Round "4"]
[White "Priyanka, Nutakki"]
[Black "Goossens, Hanne"]
[Result "1-0"]
[WhiteElo "2308"]
[BlackElo "2159"]
[PlyCount "69"]
[EventDate "2022.07.16"]
[EventType "tourn"]
[EventRounds "9"]
[EventCountry "GER"]
[SourceTitle "CBM 209 Extra"]
[Source "ChessBase"]
[SourceDate "2022.09.30"]
[SourceVersion "1"]
[SourceVersionDate "2022.09.30"]
[SourceQuality "1"]

1. d4 Nf6 2. c4 e6 3. Nf3 d5 4. Nc3 Bb4 5. Bg5 dxc4 6. e3 b5 7. Be2 Bb7 8. 0-0 a6 9. a4 c6 10. Ne5 Nbd7 11. Qc2 Be7 12. Bf3 Nxe5 13. dxe5 Nd5 14. Bxe7 Qxe7 15. Ne4 0-0 16. b3 cxb3 17. Qxb3 a5 18. axb5 cxb5 19. Qxb5 Rfb8 20. Rxa5 Qc7 21. Rxa8 Bxa8 22. Qc5 Qxe5 23. Rc1 g6 24. h4 Kg7 25. h5 Qb2 26. Nd6 Qf6 27. Bxd5 Bxd5 28. e4 Ba8 29. Nxf7 Rf8 30. Ng5 e5 31. Qxf8+ Kxf8 32. Nxh7+ Ke7 33. Nxf6 Kxf6 34. h6 Bxe4 35. Rc7 1-0

[Event "Fredericia (Women)"]
[Site "Fredericia"]
[Date "2022.05.29"]
[Round "9"]
[White "Goossens, Hanne"]
[Black "Andersson, Christin"]
[Result "0-1"]
[WhiteElo "2184"]
[BlackElo "2028"]
[PlyCount "122"]
[EventDate "2022.05.25"]
[EventType "tourn"]
[EventRounds "10"]
[EventCountry "DEN"]
[SourceTitle "EXT 2024"]
[Source "ChessBase"]
[SourceDate "2023.10.10"]
[SourceVersion "1"]
[SourceVersionDate "2023.10.10"]
[SourceQuality "1"]

1. e4 e6 2. d4 d5 3. Nd2 Nf6 4. e5 Nfd7 5. Bd3 c5 6. c3 Nc6 7. Ne2 Qb6 8. Nf3 f6 9. exf6 Nxf6 10. 0-0 Bd6 11. Bf4 Bxf4 12. Nxf4 c4 13. Bc2 Qxb2 14. Qe2 Ne4 15. Rfb1 Qxc3 16. Bxe4 dxe4 17. Qxe4 0-0 18. Ng5 Rf5 19. Nf3 Bd7 20. Nxe6 Qd3 21. Qxd3 cxd3 22. Nc5 Nxd4 23. Nxd7 Nc2 24. Nde5 Rd8 25. Rd1 Nxa1 26. Rxa1 b5 27. Rd1 Rd5 28. Nxd3 a5 29. Kf1 Rf6 30. Ke2 Re6+ 31. Kd2 b4 32. Rc1 h6 33. Rc7 Rg6 34. g3 Rf6 35. Ke3 Rxd3+ 36. Kxd3 Rxf3+ 37. Ke2 Ra3 38. Rc2 Kf7 39. h4 Ke6 40. Rd2 Ke5 41. f3 a4 42. Rb2 b3 43. axb3 Rxb3 44. Rd2 Rb6 45. Rd7 Ra6 46. f4+ Kf6 47. Rd2 a3 48. Ra2 Ra4 49. Kf3 h5 50. Kf2 Ke6 51. Ke3 Kd5 52. Kd3 Ra7 53. f5 Ke5 54. Ke3 Kxf5 55. Kf3 Ra4 56. Ke3 Ke5 57. Kf3 Kd5 58. Ke3 Kc4 59. Kd2 Kb3 60. Rc2 a2 61. Rc3+ Kb4 0-1

[Event "Fredericia (Women)"]
[Site "Fredericia"]
[Date "2022.05.25"]
[Round "2"]
[White "Durrfeld, Sofie Bech"]
[Black "Goossens, Hanne"]
[Result "0-1"]
[WhiteElo "1773"]
[BlackElo "2184"]
[PlyCount "62"]
[EventDate "2022.05.25"]
[EventType "tourn"]
[EventRounds "10"]
[EventCountry "DEN"]
[SourceTitle "EXT 2024"]
[Source "ChessBase"]
[SourceDate "2023.10.10"]
[SourceVersion "1"]
[SourceVersionDate "2023.10.10"]
[SourceQuality "1"]

1. e4 c5 2. Nc3 d6 3. d4 cxd4 4. Qxd4 Nf6 5. b3 g6 6. Bb2 Bg7 7. 0-0-0 Nc6 8. Qd2 0-0 9. f3 Qa5 10. Kb1 Be6 11. Nge2 Rac8 12. g4 Rfd8 13. Nf4 Ne5 14. Nxe6 fxe6 15. Be2 Nfd7 16. f4 Nc6 17. Bc4 Nf8 18. f5 Ne5 19. Bxe6+ Nxe6 20. fxe6 Nf3 21. Qf2 Rxc3 22. Rd5 Qc7 23. e5 Nxe5 24. Bxc3 Qxc3 25. Qd2 Nxg4 26. Qxc3 Bxc3 27. Rg5 Nf2 28. Rf1 Ne4 29. Rg2 Nd2+ 30. Rxd2 Bxd2 31. Rf7 Rf8 0-1

[Event "Schaffhausen op"]
[Site "Schaffhausen"]
[Date "2022.03.20"]
[Round "4"]
[White "Goossens, Hanne"]
[Black "Schellenberger, Dirk"]
[Result "1-0"]
[WhiteElo "2122"]
[BlackElo "1685"]
[PlyCount "95"]
[EventDate "2022.03.18"]
[EventType "swiss"]
[EventRounds "5"]
[EventCountry "SUI"]
[SourceTitle "CBM 207 Extra"]
[Source "ChessBase"]
[SourceDate "2022.05.31"]
[SourceVersion "1"]
[SourceVersionDate "2022.05.31"]
[SourceQuality "1"]

1. e4 c5 2. Nf3 e6 3. d4 cxd4 4. Nxd4 Nc6 5. Nc3 Qc7 6. Be3 Nf6 7. Be2 a6 8. 0-0 b5 9. a3 Be7 10. f4 d6 11. Nxc6 Qxc6 12. e5 Nd5 13. Nxd5 exd5 14. Bf3 Bb7 15. Bd4 dxe5 16. Bxe5 0-0 17. Kh1 Bf6 18. c3 Bxe5 19. fxe5 Rae8 20. Re1 Re6 21. Qd4 Rfe8 22. Re2 f6 23. Rae1 Qc4 24. Kg1 Rxe5 25. Rxe5 Rxe5 26. Rxe5 Qxd4+ 27. cxd4 fxe5 28. dxe5 Kf7 29. Bg4 d4 30. b4 h5 31. Bh3 g5 32. Bf5 d3 33. Kf2 d2 34. Ke2 Bxg2 35. Kxd2 h4 36. Bc8 h3 37. Ke3 Ke7 38. Bg4 Kd8 39. Kd4 Kc7 40. Kc5 Bf1 41. e6 Bc4 42. e7 Bf7 43. Bxh3 Be8 44. Be6 Bh5 45. Kd5 Be8 46. Ke4 Kc6 47. Kf5 Kd6 48. Kf6 1-0

[Event "Schaffhausen op"]
[Site "Schaffhausen"]
[Date "2022.03.19"]
[Round "3"]
[White "Cofman, Veaceslav"]
[Black "Goossens, Hanne"]
[Result "1-0"]
[WhiteElo "2320"]
[BlackElo "2122"]
[PlyCount "135"]
[EventDate "2022.03.18"]
[EventType "swiss"]
[EventRounds "5"]
[EventCountry "SUI"]
[SourceTitle "CBM 207 Extra"]
[Source "ChessBase"]
[SourceDate "2022.05.31"]
[SourceVersion "1"]
[SourceVersionDate "2022.05.31"]
[SourceQuality "1"]

1. d4 Nf6 2. c4 c5 3. d5 b5 4. cxb5 a6 5. bxa6 g6 6. Nc3 Bg7 7. e4 0-0 8. Nf3 Qa5 9. Bd3 Nxd5 10. exd5 Bxc3+ 11. bxc3 Qxc3+ 12. Qd2 Qxa1 13. 0-0 Qg7 14. Bb2 f6 15. d6 e6 16. Rc1 Nxa6 17. Qe3 Bb7 18. Nd2 Nb4 19. Bb1 Nd5 20. Qe1 Nf4 21. f3 Bd5 22. Ne4 Bxa2 23. Qd2 Bxb1 24. Rxb1 Nd5 25. Rc1 Rfc8 26. Nxc5 Rc6 27. Ne4 Rxc1+ 28. Qxc1 Qf8 29. Qc5 Qb8 30. Bd4 Qc8 31. Qxc8+ Rxc8 32. Bxf6 h6 33. Be5 Rc2 34. h4 Ne3 35. Nf6+ Kf7 36. Nxd7 Nxg2 37. Bg3 Ne3 38. Ne5+ Ke8 39. Bf2 Nd5 40. Nxg6 Kd7 41. Bg3 Re2 42. Kf1 Ra2 43. Nf8+ Kc6 44. Nxe6 Ne3+ 45. Ke1 Nf5 46. Bf2 Kxd6 47. Nc5 Kd5 48. Nd3 Kc4 49. Ne5+ Kc3 50. Kf1 Nd4 51. Kg2 Re2 52. f4 Re4 53. Ng4 Re6 54. h5 Nf5 55. Kf3 Kd3 56. Ne5+ Kc3 57. Kg4 Ne7 58. Bh4 Nd5 59. Kf5 Re8 60. Ke4 Ne7 61. Bxe7 Rxe7 62. f5 Kb4 63. Kd5 Kb5 64. f6 Re8 65. f7 Rd8+ 66. Ke6 Kc5 67. Nd7+ Kc6 68. f8Q 1-0

[Event "Marienske Lazne op 20th"]
[Site "Marianske Lazne"]
[Date "2022.01.20"]
[Round "7"]
[White "Nytra, Ondrej"]
[Black "Goossens, Hanne"]
[Result "1-0"]
[WhiteElo "2146"]
[BlackElo "2133"]
[PlyCount "69"]
[EventDate "2022.01.15"]
[EventType "swiss"]
[EventRounds "9"]
[EventCountry "CZE"]
[SourceTitle "CBM 206 Extra"]
[Source "ChessBase"]
[SourceDate "2022.03.31"]
[SourceVersion "1"]
[SourceVersionDate "2022.03.31"]
[SourceQuality "1"]

1. e4 c5 2. Nf3 d6 3. d4 cxd4 4. Nxd4 Nf6 5. Nc3 Nc6 6. Be2 g6 7. 0-0 Bg7 8. Nb3 0-0 9. Bg5 Be6 10. Kh1 h6 11. Bh4 Ne5 12. Nd4 Bc4 13. f4 Bxe2 14. Qxe2 Nc6 15. Nf3 Qa5 16. a3 Rac8 17. Rad1 Nh5 18. Qe3 Bxc3 19. bxc3 Qxa3 20. f5 Kh7 21. g4 Ng7 22. f6 exf6 23. Bxf6 Ne8 24. Ng5+ Kg8 25. Qh3 h5 26. gxh5 Nxf6 27. Rxf6 Kg7 28. Rdf1 Ne5 29. hxg6 Rh8 30. Qg2 Qxc3 31. gxf7 Kf8 32. Ne6+ Ke7 33. f8Q+ Rcxf8 34. Qg7+ Rf7 35. Rxf7+ 1-0

[Event "Marienske Lazne op 20th"]
[Site "Marianske Lazne"]
[Date "2022.01.18"]
[Round "5"]
[White "Goossens, Hanne"]
[Black "Gorkiewicz, Mateusz"]
[Result "1-0"]
[WhiteElo "2133"]
[BlackElo "2028"]
[PlyCount "125"]
[EventDate "2022.01.15"]
[EventType "swiss"]
[EventRounds "9"]
[EventCountry "CZE"]
[SourceTitle "CBM 206 Extra"]
[Source "ChessBase"]
[SourceDate "2022.03.31"]
[SourceVersion "1"]
[SourceVersionDate "2022.03.31"]
[SourceQuality "1"]

1. e4 e5 2. Nf3 Nc6 3. Bc4 Nf6 4. d3 Be7 5. 0-0 0-0 6. Re1 d6 7. a4 Na5 8. Ba2 c5 9. c3 Nc6 10. Na3 h6 11. h3 Nh7 12. Nc2 Be6 13. Bxe6 fxe6 14. b4 cxb4 15. cxb4 Ng5 16. Nxg5 Bxg5 17. b5 Nd4 18. Nxd4 exd4 19. Ba3 Qf6 20. Rf1 Rad8 21. Ra2 e5 22. Qb3+ Qf7 23. Qxf7+ Kxf7 24. g3 Ke6 25. h4 Be7 26. Rc1 Rc8 27. Rac2 Rxc2 28. Rxc2 Rf3 29. Rd2 g5 30. Kg2 g4 31. Kf1 Bd8 32. Ke2 Ba5 33. Rc2 Bc3 34. Bb2 Bxb2 35. Rxb2 d5 36. b6 a6 37. exd5+ Kxd5 38. Rc2 e4 39. dxe4+ Kxe4 40. Rc7 Rb3 41. Re7+ Kd5 42. Rxb7 Kc6 43. Rh7 Kxb6 44. Rxh6+ Kc5 45. Rxa6 Rb2+ 46. Kd3 Rxf2 47. Ra5+ Kb4 48. Rg5 Rf3+ 49. Kxd4 Rxg3 50. a5 Ra3 51. h5 g3 52. h6 g2 53. Rxg2 Rh3 54. Rg6 Kxa5 55. Ke5 Rb3 56. h7 Rb5+ 57. Kf6 Rb6+ 58. Kg7 Rb7+ 59. Kh6 Rb8 60. Rg8 Rb6+ 61. Kg5 Rb5+ 62. Kf4 Rb4+ 63. Ke3 1-0

[Event "Marienske Lazne op 20th"]
[Site "Marianske Lazne"]
[Date "2022.01.16"]
[Round "2"]
[White "Goossens, Hanne"]
[Black "Borisek, Anze"]
[Result "1-0"]
[WhiteElo "2133"]
[BlackElo "1895"]
[PlyCount "127"]
[EventDate "2022.01.15"]
[EventType "swiss"]
[EventRounds "9"]
[EventCountry "CZE"]
[SourceTitle "CBM 206 Extra"]
[Source "ChessBase"]
[SourceDate "2022.03.31"]
[SourceVersion "1"]
[SourceVersionDate "2022.03.31"]
[SourceQuality "1"]

1. e4 Nc6 2. Nf3 d6 3. d4 Nf6 4. Nc3 e5 5. Bb5 exd4 6. Nxd4 Bd7 7. 0-0 Nxd4 8. Bxd7+ Nxd7 9. Qxd4 Be7 10. Qxg7 Bf6 11. Qg4 Bxc3 12. bxc3 Qf6 13. Rb1 b6 14. Re1 Ne5 15. Qg3 Qg6 16. Bf4 Qxg3 17. Bxg3 0-0-0 18. f3 h5 19. Bh4 Rdg8 20. Kf2 Rg6 21. h3 a6 22. a4 Nd7 23. a5 bxa5 24. Ra1 Nc5 25. Rxa5 Kd7 26. Kf1 Rhg8 27. g4 hxg4 28. hxg4 Ra8 29. Bf2 Nb7 30. Ra4 Rg5 31. Rb1 Kc6 32. Ke2 Nc5 33. Bxc5 Rxc5 34. Kd3 a5 35. c4 Rh8 36. Re1 Rg5 37. Ke3 Rh2 38. Re2 Rh3 39. Kf4 f6 40. Rd2 Kb6 41. Ra3 Rc5 42. Rd4 Rh2 43. c3 Rh8 44. Rd5 Rxd5 45. exd5 Rh3 46. Ke4 Rh4 47. Kf5 Rh6 48. f4 Rh4 49. g5 fxg5 50. fxg5 Rh1 51. g6 Rf1+ 52. Ke6 Re1+ 53. Kf7 Rf1+ 54. Kg8 Rg1 55. g7 Rg4 56. Ra1 Rg3 57. Rf1 a4 58. Kf7 Kc5 59. g8Q Rxg8 60. Kxg8 Kxc4 61. Rd1 a3 62. Kf7 Kxc3 63. Ke6 Kc2 64. Rh1 1-0

[Event "EU-chT (Women) 23rd"]
[Site "Terme Catez"]
[Date "2021.11.16"]
[Round "5.1"]
[White "Injac, Teodora"]
[Black "Goossens, Hanne"]
[Result "1-0"]
[WhiteElo "2387"]
[BlackElo "2126"]
[PlyCount "83"]
[EventDate "2021.11.12"]
[EventType "team-swiss"]
[EventRounds "9"]
[EventCountry "SLO"]
[SourceTitle "CBM 205"]
[Source "ChessBase"]
[SourceDate "2021.12.31"]
[SourceVersion "1"]
[SourceVersionDate "2021.12.31"]
[SourceQuality "1"]
[WhiteTeam "Serbia (W)"]
[BlackTeam "Belgium (W)"]
[WhiteTeamCountry "SRB"]
[BlackTeamCountry "BEL"]

1. Nf3 c5 2. c4 Nc6 3. Nc3 e5 4. g3 g6 5. Bg2 Bg7 6. 0-0 d6 7. a3 Be6 8. d3 Nge7 9. Rb1 a5 10. Ng5 Bc8 11. Nd5 0-0 12. Nxe7+ Qxe7 13. Ne4 Be6 14. Nc3 Rab8 15. Bd2 Qd7 16. Re1 f5 17. f4 Kh8 18. Qa4 Nd4 19. Qd1 b5 20. e3 b4 21. exd4 bxc3 22. Bxc3 cxd4 23. Bxa5 e4 24. dxe4 fxe4 25. Bxe4 Bxc4 26. b3 d5 27. Bf3 Ba6 28. Rc1 Rfc8 29. Rxc8+ Qxc8 30. Bb4 Qd8 31. Re6 Bb7 32. Qe2 Rc8 33. Re7 Bc6 34. Bc5 Bd7 35. Rxg7 Kxg7 36. Bxd4+ Kf7 37. Bxd5+ Kf8 38. Qe5 Rc1+ 39. Kf2 Rc2+ 40. Kf3 Qc7 41. Qf6+ Ke8 42. Bf7+ 1-0

[Event "Pardubice Czech op-A 31st"]
[Site "Pardubice"]
[Date "2020.09.21"]
[Round "1"]
[White "Goossens, Hanne"]
[Black "Mendonca, Leon Luke"]
[Result "0-1"]
[WhiteElo "2118"]
[BlackElo "2490"]
[PlyCount "94"]
[EventDate "2020.09.21"]
[EventType "swiss"]
[EventRounds "9"]
[EventCountry "CZE"]
[SourceTitle "CBM 198 Extra"]
[Source "ChessBase"]
[SourceDate "2020.11.30"]
[SourceVersion "1"]
[SourceVersionDate "2020.11.30"]
[SourceQuality "1"]

1. d4 Nf6 2. Bg5 Ne4 3. Bf4 Nf6 4. f3 c5 5. dxc5 Na6 6. e4 Nxc5 7. Nc3 d6 8. Qd2 Ncd7 9. g4 a6 10. g5 Nh5 11. Be3 b5 12. 0-0-0 Bb7 13. Nge2 Ne5 14. Nd4 Rc8 15. Kb1 g6 16. f4 Nc4 17. Bxc4 Rxc4 18. f5 Bg7 19. Nd5 0-0 20. Rhf1 Be5 21. Rf2 Ng7 22. f6 exf6 23. gxf6 Nh5 24. b3 Rc7 25. Bg5 Bxd5 26. exd5 Bxd4 27. Qxd4 Re8 28. Qd2 Qc8 29. Re1 Rxe1+ 30. Qxe1 h6 31. Bxh6 Qg4 32. Re2 Nxf6 33. Bc1 Nxd5 34. Bb2 f6 35. Qd2 Kg7 36. Rg2 Qf5 37. Rf2 Qe6 38. Re2 Qg4 39. Rg2 Qf3 40. Re2 b4 41. Kc1 Kf7 42. Qe1 Nf4 43. Re3 Nd3+ 44. Rxd3 Qxd3 45. Qf2 Qf5 46. Qe2 a5 47. Qd1 g5 0-1

[Event "EU-chT (Women) 22nd"]
[Site "Batumi"]
[Date "2019.11.01"]
[Round "8.1"]
[White "Goossens, Hanne"]
[Black "Machlik, Monika"]
[Result "0-1"]
[WhiteElo "2156"]
[BlackElo "2159"]
[PlyCount "180"]
[EventDate "2019.10.24"]
[EventType "team-swiss"]
[EventRounds "9"]
[EventCountry "GEO"]
[SourceTitle "CBM 192 Extra"]
[Source "Chessbase"]
[SourceDate "2019.11.06"]
[SourceVersion "1"]
[SourceVersionDate "2019.11.06"]
[SourceQuality "1"]
[WhiteTeam "Belgium (W)"]
[BlackTeam "Norway (W)"]
[WhiteTeamCountry "BEL"]
[BlackTeamCountry "NOR"]

1. e4 c6 2. d4 d5 3. e5 Bf5 4. h4 Qc7 5. g4 Bd7 6. Bd3 c5 7. f4 cxd4 8. Qf3 e6 9. Ne2 Nc6 10. Nd2 Bc5 11. Nb3 Bb6 12. Bd2 0-0-0 13. 0-0-0 f6 14. exf6 gxf6 15. f5 Ne5 16. Qh3 Nxd3+ 17. Qxd3 e5 18. Kb1 Ne7 19. Rhf1 Rdf8 20. Bh6 Rf7 21. Rfe1 Ng8 22. Qd2 Nxh6 23. Qxh6 Rg8 24. Qh5 Bb5 25. Ng1 a5 26. a3 Kb8 27. Nf3 a4 28. Na1 Ba5 29. g5 Bxe1 30. Rxe1 fxg5 31. Rxe5 g4 32. Nxd4 Be8 33. Re2 g3 34. Qf3 Bc6 35. c3 Qd8 36. Qf4+ Qc7 37. Qf3 Rf6 38. Nac2 Qg7 39. Rg2 Qg4 40. Qe3 Qxh4 41. Nxc6+ Rxc6 42. Qe5+ Ka8 43. Qxd5 Rd8 44. Qa5+ Ra6 45. Qc7 Rc6 46. Qa5+ Kb8 47. Qe5+ Kc8 48. Ne3 Qf6 49. Qxg3 Qd6 50. Qf2 Re8 51. Nc2 Qd1+ 52. Ka2 Qd5+ 53. Kb1 Rh6 54. Rg1 Rh1 55. Rxh1 Qxh1+ 56. Ka2 Qd5+ 57. Kb1 Qd1+ 58. Ka2 Qd5+ 59. Kb1 Re5 60. f6 Rf5 61. Qe2 Rxf6 62. Qe8+ Qd8 63. Qxa4 Kb8 64. Nd4 Rf1+ 65. Kc2 Rf2+ 66. Kb1 Rf1+ 67. Kc2 Qe7 68. Qb5 Qe4+ 69. Kb3 Rf8 70. Qc5 Rc8 71. Qd6+ Ka8 72. Qd7 Qe8 73. Qd6 Qg8+ 74. Kc2 Qg6+ 75. Qxg6 hxg6 76. Kd3 Re8 77. Nf3 Kb8 78. a4 Kc7 79. a5 Kd6 80. b4 Ke6 81. Ke4 Kf6+ 82. Kd4 g5 83. c4 g4 84. Nh4 Re2 85. b5 Kg5 86. a6 bxa6 87. b6 Kxh4 88. c5 Rb2 89. Kd5 Rb5 90. Kd6 g3 0-1